Nursery Rhymes by Second Line Quiz Stats

Quiz Updated Aug 15, 2012

Also try: Nursery Rhyme Time
Challenge
Share
Tweet
Embed
Score 0/30 Timer 06:00
0 Plays Today
Second line First line % Correct
To fetch a pail of waterJack and Jill went up the hill
94.7%
Its fleece was white as snowMary had a little lamb
92.2%
Gently down the streamRow, row, row your boat
83.5%
The mouse ran up the clockHickory dickory dock
72.7%
Went to the cupboardOld Mother Hubbard
72.4%
The cat and the fiddleHey diddle diddle
71.2%
A pocket full of posiesRing a ring o' roses
71.2%
The old man is snoringIt's raining, it's pouring
66%
Three men in a tubRub-a-dub-dub
65.9%
How does your garden grow?Mary, Mary quite contrary
64.6%
On the tree topHush a-bye baby
62.5%
Bake me a cake as fast as you canPat-a-cake, pat-a-cake, baker's man
60.7%
Was a merry old soulOld King Cole
59.9%
His wife could eat no leanJack Sprat could eat no fat
57.3%
The first star I see tonightStar light, star bright
50%
Second line First line % Correct
She made some tartsThe Queen of Hearts
41.3%
Had a wife but couldn't keep herPeter Peter pumpkin eater
39.7%
Kissed the girls and made them cryGeorgie Porgie, pudding and pie
39.5%
And doesn't know where to find themLittle Bo Peep has lost her sheep
35.2%
Tuesday's child is full of graceMonday's child is fair of face
31.9%
A pocket full of ryeSing a song of sixpence
27.2%
He had ten thousand menOh, the grand old Duke of York
23.5%
Your house is on fire and your children all goneLadybird, ladybird fly away home
21.2%
Born on a MondaySolomon Grundy
18.6%
Going to the fairSimple Simon met a pieman
16.1%
I, said the SparrowWho killed Cock Robin?
12.7%
'You owe me five farthings' say the bells of St Martin's'Oranges and lemons' say the bells of St Clement's
11.1%
Whither shall I wander?Goosey goosey gander
8.9%
Rich man, poor man, beggarman, thiefTinker, tailor, soldier, sailor
8.5%
Kitty Fisher found itLucy Locket lost her pocket
8.5%

You're not logged in!

Compare scores with friends on all Sporcle quizzes.
Join for Free
OR
Log In

You Might Also Like...

Show Comments

Extras

Top Quizzes Today


Score Distribution

Your Account Isn't Verified!

In order to create a playlist on Sporcle, you need to verify the email address you used during registration. Go to your Sporcle Settings to finish the process.

Report this User

Report this user for behavior that violates our Community Guidelines.

Details: